| 000 | 00476nam a2200181Ia 4500 | ||
|---|---|---|---|
| 008 | 240925s9999 xx 000 0 und d | ||
| 020 | _a007Y857873 | ||
| 082 | _a531 SYN | ||
| 100 | _aSynge ,John L.; Griffth ,Byron A. | ||
| 245 | 0 | _aPrinciples of Mechanics | |
| 250 | _a3rd | ||
| 260 |
_aSingapore: _bMc Graw Hill _c,1970. |
||
| 300 |
_axvii ,473p. _bNA _fPirated |
||
| 500 | _aIncludes Index | ||
| 600 | _aHumanities & Natural Science | ||
| 650 | _aPhysics | ||
| 942 | _cBK | ||
| 999 |
_c2553 _d2553 |
||